000 00305nam a22001337a 4500
008 190227b xxu||||| |||| 00| 0 eng d
020 _a9780136128274
041 _aeng
080 _a721.023
100 _a62
101 _aAUD
245 _aAuditing and Assurance Services
_cArens, A.A
942 _2udc
_cBK
999 _c54345
_d54345